Hydraulické posúdenie bezpečnosti vodných stavieb počas povodňového zaťaženia v rámci technicko-bezpečnostného dohľadu

Salvato in:
Dettagli Bibliografici
Autore principale: Kvetko, Martin (Autore)
Altri autori: Orfánus, Martin (Relatore della tesi)
Natura: Manoscritto Libro
Lingua:slovacco
Pubblicazione: 2024
Soggetti:
Accesso online:http://is.stuba.sk/zp/portal_zp.pl?podrobnosti=186700
https://opac.crzp.sk/?fn=detailBiblioForm&sid=AA0D9432EF6DE826C3111B4F11D3
Tags: Aggiungi Tag
Nessun Tag, puoi essere il primo ad aggiungerne!!

MARC

LEADER 00000ntm a22000003a 4500
001 stuzp97830
003 SK-STU
005 20240924140433.9
007 ta
008 150427s2015----xo-----f-mn---000-0-slo-d
040 |a STU  |b slo 
041 0 |a slo 
100 1 |a Kvetko, Martin  |u 010170  |4 aut  |U SvF Stavebná fakulta  |T SvF Katedra hydrotechniky  |X 98182  |U V170  |Y 17  |7 98182 
242 0 1 |a Hydraulic assessment of the safety of water structures during flood loading as part of technical safety supervision  |y eng 
245 1 0 |a Hydraulické posúdenie bezpečnosti vodných stavieb počas povodňového zaťaženia v rámci technicko-bezpečnostného dohľadu 
260 |c 2024 
650 4 |a 2D nerovnomerné prúdenie  |2 slo 
650 4 |a technicko-bezpečnostný dohľad  |2 slo 
650 4 |a HEC-RAS  |2 slo 
650 4 |a povodeň  |2 slo 
650 4 |a flood  |2 eng 
650 4 |a HEC-RAS  |2 eng 
650 4 |a 2D unsteady flow  |2 eng 
700 1 |a Orfánus, Martin  |u 010170  |k Z1  |4 ths  |U SvF Stavebná fakulta  |T SvF Katedra hydrotechniky  |X 19921  |U V170  |Y 17  |7 A000019921 
856 4 |u http://is.stuba.sk/zp/portal_zp.pl?podrobnosti=186700 
856 4 |u https://opac.crzp.sk/?fn=detailBiblioForm&sid=AA0D9432EF6DE826C3111B4F11D3